000 00741nam a2200289Ia 4500
005 20260324130401.0
008 008 260324s9999 xx 000 0 eng d
020 _a9780203028438
037 _aEBOOK
040 _aCRL
040 _beng
040 _cCRL
041 _2eng
041 _aeng
084 _qCRL
100 _aCarmel Flaskas; Imelda McCarthy; Jim Sheehan
_91181559
245 0 _aHope and Despair in Narrative and Family Therapy
245 0 _bAdversity, Forgiveness and Reconciliation
260 _bTaylor and Francis
260 _c2007
365 _a
365 _b83.99
856 _uhttp://www.taylorfrancis.com/books/9780203028438
942 _cEBOOK
999 _c1777710
_d1777710